LEADER 01471nam2 2200421 450 001 000004112 005 20070503173200.0 010 $a0-12-613531-2 100 $a--------d1998----km-y0itay0103----ba 101 0 $aeng 102 $aUS 200 1 $a<<31:>> Sentence Processing: a Crosslinguistics Perspective$fedited by Dieter Hillert 200 1 $a1 $n0002234 210 $d1998 215 $aXVII, 437 p. 461 $1001000001365$12001$aSyntax and Semantics 606 $aGrammatica 676 $a415 702 1$aHillert,$bDieter 801 0$aIT$bUniversità della Basilicata - B.I.A.$gRICA$2unimarc 912 $a000004112 996 $aSentence Processing: a Crosslinguistics Perspective$973777 997 $aUNIBAS BAS $aMONLET BAS $aMONOGR BAS $aLETTERE CAT $aGIORDANO$b10$c20000209$lBAS01$h1304 CAT $c20000920$lBAS01$h1832 CAT $c20001010$lBAS01$h1635 CAT $c20050601$lBAS01$h1753 CAT $abatch$b01$c20050718$lBAS01$h1048 CAT $c20050718$lBAS01$h1107 CAT $c20050718$lBAS01$h1137 CAT $c20050718$lBAS01$h1151 CAT $aBATCH$b00$c20070503$lBAS01$h1732 FMT LKR $aup$b1365$lBAS01$mSentence Processing: a Crosslinguistic Perspective$nSyntax and Semantics Z30 -1$lBAS01$LBAS01$mBOOK$1BASA1$APolo Storico-Umanistico$2GEN$BCollezione generale$3FM/95807/Arm.14$9FM/95807/Arm.14$695807$5L95807$820000209$b31$f02$FPrestabile Generale$hvol.31 LEADER 01670nam2 2200409 450 001 000041382 005 20151027105035.0 010 $a3-487-00530-6 100 $a20150831d--------km-y0itaa50------ba 101 0 $agrc$alat 102 $aDE 200 1 $aOrationes 210 $aHildesheim$aZürich$aNew York$cGeorg Olms 215 $aVolumi$d21 cm 225 2 $aBibliotheca scriptorum Graecorum et Romanorum Teubneriana 327 1 $aVol. 1.1: Orationes I-V. - 1997. - IX, 320 p.$aVol. 1.2: Orationes VI-XI. - 1998. - P. 323-535 410 0$12001$aBibliotheca scriptorum Graecorum et Romanorum Teubneriana 461 1$1001000041379$12001$aLibanii Opera$v1 559 $aOrationes I-V 559 $aOrationes VI-XI 700 1$aLibanius$f$0172673 801 0$aIT$bUniversità della Basilicata - B.I.A.$gREICAT$2unimarc 912 $a000041382 996 $aOrationes$914101 997 $aUNIBAS BAS $aLETTERE CAT $aEXT018$b01$c20150831$lBAS01$h1249 CAT $aEXT018$b01$c20150831$lBAS01$h1319 CAT $aEXT018$b01$c20150831$lBAS01$h1349 CAT $aEXT018$b01$c20150831$lBAS01$h1349 CAT $aEXT018$b01$c20150901$lBAS01$h0951 CAT $aEXT018$b01$c20150901$lBAS01$h1017 CAT $aTTM$b30$c20151027$lBAS01$h1006 CAT $aTTM$b30$c20151027$lBAS01$h1050 FMT Z30 -1$lBAS01$LBAS01$mBOOK$1BASA1$APolo Storico-Umanistico$2DSLF$BCollezione DiSLF$3DF/E3103$65455/1$5F5455/1$820150831$f04$FPrestabile Didattica$hVol. 1.1. Z30 -1$lBAS01$LBAS01$mBOOK$1BASA1$APolo Storico-Umanistico$2DSLF$BCollezione DiSLF$3DF/E3104$65455/2$5F5455/2$820151027$f04$FPrestabile Didattica$hVol. 1.2.